| 000 | 01609cam a22003254a 4500 | ||
|---|---|---|---|
| 999 |
_c8706 _d8706 |
||
| 001 | 13129107 | ||
| 003 | GBCCL | ||
| 005 | 20241126110656.0 | ||
| 008 | 030319s2003 ilu b 000 0 eng | ||
| 010 | _a 2003006747 | ||
| 020 | _a0830827021 (pbk. : alk. paper) | ||
| 040 |
_aDLC _cDLC _dDLC |
||
| 042 | _apcc | ||
| 050 | 0 | 0 |
_aBT1103 _b.K725 2003 |
| 082 | 0 | 0 |
_a239 _221 _bKRE |
| 100 | 1 |
_aKreeft, Peter. _98670 |
|
| 245 | 1 | 0 |
_aPocket handbook of Christian apologetics / _cPeter Kreeft and Ronald K. Tacelli. |
| 260 |
_aDowners Grove, Ill. : _bInterVarsity Press, _cc2003. |
||
| 300 |
_a141, [1] p. ; _c18 cm. |
||
| 500 | _aRev. ed. of: Handbook of Christian apologetics. 1994. | ||
| 504 | _aIncludes bibliographical references (p. [142]). | ||
| 505 | 0 | _aApologetics -- Faith and reason -- Arguments for the existence of God -- The nature of God -- Creation and evolution -- Miracles -- The problem of evil -- The divinity of Christ -- The Resurrection -- The Bible : myth or history? -- Life after death -- Heaven and hell -- Salvation -- Christianity and other religions -- Objective truth -- Conclusion: The bottom line. | |
| 650 | 0 |
_aApologetics. _985 |
|
| 700 | 1 |
_aTacelli, Ronald K. _q(Ronald Keith), _d1947- _98671 |
|
| 700 | 1 |
_aKreeft, Peter. _tHandbook of Christian apologetics. _915359 |
|
| 856 | 4 | 1 |
_3Table of contents _uhttp://www.loc.gov/catdir/toc/ecip041/2003006747.html |
| 906 |
_a7 _bcbc _corignew _d1 _eecip _f20 _gy-gencatlg |
||
| 942 |
_2ddc _cBK _015 |
||